My Good Name... Quiz Stats

Quiz Updated Aug 19, 2013

Challenge
Share
Tweet
Embed
Score 0/32 Timer 07:00
0 Plays Today
% Correct
Barney's Rubble
96.2%
Lois's Lane
94.8%
Mickey's Mouse
94%
Peter's Pan
90.9%
Tiger's Woods
89.9%
Santa's Claus
89.8%
Johnny's Bench
89.1%
Jack's Sparrow
88.9%
Dorothy's Gale
88.8%
Monty's Python
88.2%
Archie's Bunker
87.2%
Robin's Hood
87.1%
Christopher's Plummer
85.9%
Atticus's Finch
82.2%
Christopher's Robin
81.8%
Charles Montgomery's Burns
81.8%
% Correct
Farrah's Fawcett
81%
Sam's Spade
80.6%
George's Bush
79.7%
Wilbur's Wright
78.8%
Gerald's Ford
76.4%
Lloyd's Bridges
75.5%
Diane's Chambers
74.5%
T.J.'s Hooker
72.7%
Sally's Field
69.4%
Herbert's Hoover
67.9%
Annie's Hall
65.5%
Chi's McBride
62.6%
Friar's Tuck
61.6%
Charles Foster's Kane
58.9%
Vikki's Carr
54.6%
Jack's Lemmon
28.9%

You're not logged in!

Compare scores with friends on all Sporcle quizzes.
Sign Up with Email
OR
Log In

You Might Also Like...

Show Comments

Extras

Top Quizzes Today


Score Distribution

Your Account Isn't Verified!

In order to create a playlist on Sporcle, you need to verify the email address you used during registration. Go to your Sporcle Settings to finish the process.